00331nam a2200133Ia 4500003000400000005001700004008004100021020001800062040002000080100001900100245005200119260001700171260000900188OSt20231212080532.0170524s9999 xx 000 0 und d a81-7391-964-x cIIMT UNIVERSITY aSingh Percy K. 0aHotel Lodging- Restaurent and Resort Management bKanishka pub c2007